000 00570nam a22002177a 4500
003 UA-OsUOA
001 103472
007 ta
008 20131030b un ||||| |||| 00| 0 ukr d
100 _aЧерняев А.В.
090 _a2
_bЧ-49
942 _cSA
040 _aUA-OsUOA
_brus
_cUA-OsUOA
_dUA-OsUOA
245 _aРусское богословие: в поисках собственной парадигмы
300 _aС.129-139
955 _a0
041 _arus
080 _a2
773 0 _w103466
650 7 _a2 Релігія. Теологія.
_2UDC
999 _c390351
_d390351